| 000 | 01222pam a2200397 a 4500 | ||
|---|---|---|---|
| 001 | data | ||
| 005 | 20260322212103.0 | ||
| 008 | data | ||
| 035 | _a898750 | ||
| 906 |
_a7 _bcbc _corignew _d1 _eocip _f19 _gy-gencatlg |
||
| 010 | _a 81015985 | ||
| 020 | _a068306889X | ||
| 035 | _9(DLC) 81015985 | ||
| 040 |
_aDLC _cDLC _dDLC |
||
| 050 | 1 | 0 |
_aRD523 _b.P57 1982 |
| 060 | _aWE 705 P672pa | ||
| 082 | 0 | 0 |
_a617/.52 _219 |
| 100 | 1 | _aPirruccello, Frank W. | |
| 245 | 1 | 0 |
_aPlastic and reconstructive surgery of the face : _bflaps of the head and neck / _cFrank W. Pirruccello ; with illustrations by the author and Bo Pirruccello. |
| 260 |
_aBaltimore : _bWilliams & Wilkins, _cc1982. |
||
| 300 |
_axiii, 97 p. : _bill. ; _c29 cm. |
||
| 336 |
_atext _btxt _2rdacontent |
||
| 337 |
_aunmediated _bn _2rdamedia |
||
| 338 |
_avolume _bnc _2rdacarrier |
||
| 504 | _aBibliography: p. 96. | ||
| 650 | 0 |
_aFace _xSurgery. |
|
| 650 | 0 |
_aNeck _xSurgery. |
|
| 650 | 0 | _aFlaps (Surgery) | |
| 650 | 0 | _aSurgery, Plastic. | |
| 650 | 2 |
_aFace _xSurgery. |
|
| 650 | 2 |
_aHead _xSurgery. |
|
| 650 | 2 |
_aNeck _xSurgery. |
|
| 650 | 2 | _aSurgery, Plastic. | |
| 650 | 2 | _aSurgical flaps. | |
| 999 |
_c1499 _d1499 |
||